Sanat - "Haistakoon Veen" - Eppu Normaali - Statistics

Yleistilastot
  • Tätä visaa on pelattu 22 kertaa
  • Keskiarvotulos 84 / 136
Vastaustilastot
Vastaus % Oikein
Haistakoon
100%
veen
100%
joku
85%
jos
85%
Jos
85%
juomiseen
85%
85%
minä
85%
Mitä
85%
mun
85%
puuttuu
85%
teen
85%
meen
77%
No
77%
perkele
77%
viinakaapille
77%
Aamut
69%
alkometrillä
69%
iltaisin
69%
juomaan
69%
mittaan
69%
mua
69%
oon
69%
pakotetaan
69%
Pullo
69%
Vaikka
69%
viiniä
69%
Kestän
62%
Kivillä
62%
kotini
62%
nurkilla
62%
on
62%
ongelmaton
62%
piilopullon
62%
sen
62%
ei
54%
suorastaan
54%
Suorastaan
54%
töissä
54%
vaan
54%
viskotaan
54%
aikani
46%
alta
46%
Kiven
46%
Maistuu
46%
saa
46%
tuijottaa
46%
hiljaiseksi
38%
kaivan
38%
katsettaan
38%
Kittaan
38%
kohtaan
38%
Kun
38%
Muija
38%
Taas
38%
tällekkin
38%
ulkopuolisen
38%
umpikännissä
38%
ystäväin
38%
ystävällennikin
38%
huoli
31%
kaikki
31%
Maailman
31%
näyttääkin
31%
niin
31%
poissa
31%
selvältä
31%
Toivotellen
31%
tosi
31%
uuden
31%
voivotellen
31%
hoitoon
23%
Ja
23%
kapakan
23%
Nää
23%
Näin
23%
pöydässä
23%
Siellä
23%
syvä
23%
taaskaan
23%
taaskin
23%
itse
8%
pohtivat
8%
Ehtoja vastaavia visoja ei löytynyt
Tulosjakauma
Jokaisen tuloksen saaneiden osuus
Persentiili vastausten määrän mukaan
Tuloshistoriasi
Et ole pelannut tätä visaa